Desmemoria y perversión: privatizar lo público, mediatizar lo íntimo, administrar lo privado

সংরক্ষণ করুন:
গ্রন্থ-পঞ্জীর বিবরন
প্রধান লেখক: Blanco, Fernando A (Author)
বিন্যাস: গ্রন্থ
ভাষা:স্প্যানিশ
প্রকাশিত: Santiago Cuarto Propio 2010
সংস্করন:1a. ed
মালা:Ensayo-Literatura
বিষয়গুলি:
ট্যাগগুলো: ট্যাগ যুক্ত করুন
কোনো ট্যাগ নেই, প্রথমজন হিসাবে ট্যাগ করুন!

MARC

LEADER 00000cam a2200000 a 4500
001 UCG8709
003 CL-VaPUC
008 111223e20100700CL |||||||||||||||||spa|d
020 |a 9789562605229 
082 0 4 |a 301  |b BLA  |2 21 
100 0 |a Blanco, Fernando A  |e author  |9 559827 
245 1 0 |a Desmemoria y perversión: privatizar lo público, mediatizar lo íntimo, administrar lo privado 
250 |a 1a. ed 
300 |a 269 p 
942 |c BK 
945 |d 20111223 00:00:00  |a dcastane 
260 |a Santiago  |b Cuarto Propio  |c 2010 
650 0 |a Sociología   |9 255410 
650 0 |a Estudios culturales  |9 389320 
650 0 |a Memoria  |9 266549 
583 |a last modification  |c 20111223 12:06:00  |k Rodrigo Vera 
490 0 |a Ensayo-Literatura 
999 |c 346307  |d 346305 
952 |0 0  |1 0  |4 0  |6 301_000000000000000_BLA_2010  |7 0  |8 A  |9 446960  |a FDOPOS  |b FDOPOS  |d 2019-11-22  |i 4817389  |o 301 BLA 2010  |p 4817389  |r 2025-01-22  |w 2019-11-22  |y BK  |k DLH